|
|
|
|
| LEADER |
00000cam a2200000 7i4500 |
| 001 |
0000000440 |
| 005 |
20151222.0 |
| 008 |
070702 |
| 020 |
|
|
|a 9839496697(set)
|
| 020 |
|
|
|a 9839496751
|
| 090 |
0 |
0 |
|a JF
|b MAL
|
| 100 |
0 |
|
|a Ghazali Ngah Azia
|
| 100 |
0 |
|
|a JF
|b SC MAL (752)
|
| 100 |
0 |
|
|a Perintis pealan induk
|c Ghazali Ngah Azia
|
| 245 |
1 |
0 |
|a Menjelajah ke Planet asing
|c Ghazali Ngah Azia
|
| 260 |
|
|
|a Selangor :
|b Penapro ,
|c 2005
|
| 440 |
|
|
|a Siri fiksyen sains millenium
|
| 500 |
|
|
|a Children ages 10-12 years old (pink)
|
| 650 |
|
0 |
|a Junior fiction
|x Malay
|x Languages
|
| 650 |
|
0 |
|a Science fiction, Malay
|
| 999 |
|
|
|a 0000956376
|b Book
|c Children Collection
|e Perbadanan Perpustakaan Awam Johor
|
| 999 |
|
|
|a 0000956377
|b Book
|c Children Collection
|e Perbadanan Perpustakaan Awam Johor
|
| 999 |
|
|
|a 0000956378
|b Book
|c Children Collection
|e Perbadanan Perpustakaan Awam Johor
|
| 999 |
|
|
|a 0000984264
|b Book
|c Children Collection
|e Cawangan Tangkak
|
| 999 |
|
|
|a 0000989780
|b Book
|c Children Collection
|e Cawangan Bukit Gambir
|
| 999 |
|
|
|a 0000989781
|b Book
|c Children Collection
|e Perbadanan Perpustakaan Awam Johor
|
| 999 |
|
|
|a 0000989782
|b Book
|c Children Collection
|e Perbadanan Perpustakaan Awam Johor
|